Loading...
Mayyith Samskaranam /
| Hovedforfatter: | |
|---|---|
| Format: | Printed Book |
| Udgivet: |
1997.
|
| Udgivelse: | 1st ed. |
| LEADER | 00460nam a2200145Ia 4500 | ||
|---|---|---|---|
| 008 | 150527150527b xxu||||| |||| 00| 0 eng d | ||
| 082 | |a 250 | ||
| 100 | |a Sabique Sayyid | ||
| 245 | |c by Sabique Sayyid |a Mayyith Samskaranam / | ||
| 250 | |a 1st ed. | ||
| 260 | |c 1997. | ||
| 300 | |a 132 p. | ||
| 942 | |c BK | ||
| 999 | |c 170964 |d 170964 | ||
| 952 | |0 0 |1 0 |4 0 |6 250_000000000000000_SAB_M |7 0 |9 189615 |a ARA |b ARA |c ST1 |d 2015-05-27 |i 5538 |l 0 |o 250 SAB/M |p ARA005538 |r 2015-05-27 |w 2015-05-27 |y BK | ||